Linux: сетевая архитектура. Структура и реализация сетевых протоколов в ядре: пер. с англ.

Библиографические подробности
Другие авторы: Вейрле К. Клаус, Пэльке Ф. Франк, Риттер Х. Хартмут, Мюллер Д. Даниэль, Бехлер М. Марк
Примечания:Книга, которую вы держите в руках, была написана специально для того, чтобы предоставить студентам и профессионалам основы, необходимые для реализации сетевых функциональных возможностей в ядре Linux. Но помимо этого, описывая ключевые компоненты и механизмы ядра Linux и модели коммуникационных систем, она адресована каждому, кто хочет углубить свое понимание специфических для сетей процессов в операционной системе. Linux: сетевая архитектура представляет собой подробное описание сетевой подсистемы в новых версиях ядра Linux. В ней объясняется, как работают протоколы, и определяются важные концепции сетевой архитектуры Linux от драйверов устройств до интерфейсов приложений. Помимо основных тем, таких как РРР, IP, брандмауэры, маршрутизация, TCP, NAT, UDP и сокеты, в книге обсуждаются более недавно появившиеся протоколы и расширения, такие как РРРоЕ, используемый в технологиях доступа DSL, драйвер Bluetooth и поддержка качества обслуживания. Охвачены все основные протоколы семейства протоколов TCP/IP, с дополнительным рассмотрением добавочных протоколов, таких как RSVP, Mobile IP и IP Security.
Язык:русский
английский
Опубликовано: Москва, Кудиц-Образ, 2006
Предметы:
Формат: MixedMaterials Книга
Запись в KOHA:https://koha.lib.tpu.ru/cgi-bin/koha/opac-detail.pl?biblionumber=241886

MARC

LEADER 00000nam0a2200000 4500
001 241886
005 20231101231842.0
010 |a 595790094X 
035 |a (RuTPU)RU\TPU\book\263175 
090 |a 241886 
100 |a 20130821d2006 km y0rusy50 ca 
101 1 |a rus  |a eng 
102 |a RU 
105 |a a z 001zy 
200 1 |a Linux: сетевая архитектура. Структура и реализация сетевых протоколов в ядре  |e пер. с англ.  |f К. Вейрле [и др.] 
210 |a Москва  |c Кудиц-Образ  |d 2006 
215 |a 656 с.  |c ил. 
320 |a Библиогр.: с. 643-645. 
320 |a Предметный указатель: с. 646-649. 
330 |a Книга, которую вы держите в руках, была написана специально для того, чтобы предоставить студентам и профессионалам основы, необходимые для реализации сетевых функциональных возможностей в ядре Linux. Но помимо этого, описывая ключевые компоненты и механизмы ядра Linux и модели коммуникационных систем, она адресована каждому, кто хочет углубить свое понимание специфических для сетей процессов в операционной системе. Linux: сетевая архитектура представляет собой подробное описание сетевой подсистемы в новых версиях ядра Linux. В ней объясняется, как работают протоколы, и определяются важные концепции сетевой архитектуры Linux от драйверов устройств до интерфейсов приложений. Помимо основных тем, таких как РРР, IP, брандмауэры, маршрутизация, TCP, NAT, UDP и сокеты, в книге обсуждаются более недавно появившиеся протоколы и расширения, такие как РРРоЕ, используемый в технологиях доступа DSL, драйвер Bluetooth и поддержка качества обслуживания. Охвачены все основные протоколы семейства протоколов TCP/IP, с дополнительным рассмотрением добавочных протоколов, таких как RSVP, Mobile IP и IP Security. 
606 1 |a Система Linux  |2 stltpush  |3 (RuTPU)RU\TPU\subj\54952  |9 73025 
610 1 |a ядро 
610 1 |a структура 
610 1 |a сетевая реализация 
610 1 |a архитектура 
610 1 |a функциональные возможности 
675 |a 004.451  |v 4 
701 1 |a Вейрле  |b К.  |g Клаус 
701 1 |a Пэльке  |b Ф.  |g Франк 
701 1 |a Риттер  |b Х.  |g Хартмут 
701 1 |a Мюллер  |b Д.  |g Даниэль 
701 1 |a Бехлер  |b М.  |g Марк 
801 1 |a RU  |b 63413507  |c 20130821 
801 2 |a RU  |b 63413507  |c 20140414  |g RCR 
942 |c BK